000 010930000a22002530004500
003 EG-GICUC
005 20250223030032.0
008 090824s1979 ua d f m 000 0 ara d
040 _aEG-GiCUC
_bara
_cEG-GiCUC
041 0 _aara
049 _aايداع
097 _aماجستير
099 _aCai01.06.05.M.Sc.1979.مح.د
100 0 _aمحمد جواد محمد النورى
245 1 0 _aدراسة صوتية صرفية للهجة مدينة نابلس الفلسطينية /
_cمحمد جواد محمد النورى ؛ اشراف عبدالصبور شاهين
260 _aالقاهرة :
_bمحمد جواد محمد النورى :
_c1979
300 _a591ورقة :
_bرسوم بيانية ؛
_c30سم
502 _aاطروحة(ماجستير) - جامعة القاهرة - كلية دارالعلوم - قسم علم اللغة والدراسات السامية والشرقية
700 0 _aعبدالصبور شاهين :
_eمشرف
856 _uhttp://172.23.153.220/th.pdf
905 _aEnas
_eCataloger
905 _aMustafa
_eRevisor
942 _2ddc
_cTH
999 _c26044
_d26044